Active control of high-frequency vibration /
Saved in:
| Main Author: | |
|---|---|
| Format: | Thesis |
| Language: | English |
| Published: |
Cambridge :
Department of Engineering, University of Cambridge,
2008
|
| Subjects: | |
| Tags: |
Add Tag
No Tags, Be the first to tag this record!
|
| LEADER | 016250000a22003610004500 | ||
|---|---|---|---|
| 001 | 478440 | ||
| 005 | 20230420100818.0 | ||
| 008 | 100517t2008 enkad g 000 0 eng d | ||
| 035 | |a (Sirsi) 478440 | ||
| 040 | |a UIAM |b eng |e rda | ||
| 050 | 0 | 0 | |a TA355 |
| 100 | 0 | |a Asan Gani Abdul Muthalif, |e author |9 60777 | |
| 245 | 1 | 0 | |a Active control of high-frequency vibration / |c by Asan Gani Abdul Muthalif |
| 264 | 1 | |a Cambridge : |b Department of Engineering, University of Cambridge, |c 2008 | |
| 264 | 4 | |c c2008 | |
| 300 | |a xv, 225 pages : |b illustrations, charts ; |c 30 cm. | ||
| 336 | |2 rdacontent |a text | ||
| 337 | |2 rdamedia |a unmediated | ||
| 338 | |2 rdacarrier |a volume | ||
| 500 | |a "A dissertation submitted to the University of Cambridge for the degree of Doctor Philosophy." --On t.p. | ||
| 502 | |a Thesis (Ph. D)--University of Cambridge, 2008. | ||
| 504 | |a Includes bibliographical references (leaves 219-225). | ||
| 650 | |a Vibration |9 113342 | ||
| 650 | |a Damping (Mechanics) | ||
| 650 | |a Vibration |x Mathematical models | ||
| 655 | |a Theses, IIUM foreign |9 13634 | ||
| 690 | |a Dissertations, Academic |x Department of Engineering |z University of Cambridge |9 113345 | ||
| 710 | |a University of Cambridge. |b Department of Engineering |9 113346 | ||
| 900 | |a hj-fs | ||
| 942 | |2 lcc |n 0 | ||
| 999 | |c 434257 |d 464189 | ||
| 952 | |0 0 |6 T TA 000355 A798A 2008 |7 0 |8 THESES |9 752643 |a IIUM |b IIUM |c MULTIMEDIA |g 0.00 |o t TA 355 A798A 2008 |p 00011144595 |r 2017-10-20 |t 1 |v 0.00 |y THESIS | ||
| 952 | |0 0 |6 TS CDF TA 355 A798A 2008 |7 5 |8 THESES |9 837690 |a IIUM |b IIUM |c MULTIMEDIA |g 0.00 |o ts cdf TA 355 A798A 2008 |p 00011144596 |r 2018-10-01 |t 1 |v 0.00 |y THESISDIG | ||
